000 01642nam a2200277 a 4500
001 ASIN0195475046
005 20170105102935.0
008 150827s2009 xxu eng d
020 _a0195475046 (hardcover)
_c$27.95
020 _a9780195475043 (hardcover)
040 _a0
050 0 4 _aDS392.2.P47
082 0 4 _a954.9123
_bPES 2008
100 1 _aSalim, Ahmad.
245 0 0 _aPeshawar :
_bcity on the frontier /
_cAhmad Salim.
250 _a0th ed.
260 _a[S.l.] :
_bOxford University Press,
_c2008
300 _a200 p. ;
_c24 cm.
490 1 _aOxford in asia historical reprints) (bk. 1.
520 _aBook 1 of this volume is an account of the archaeological and historical sites with which Peshawar is studied, including those of the Gandhara (Buddhist) period, and in particular, monuments of the Muslim, Sikh, and British times. This book was originally compiled to provide a connected and continuous, historical and archaeological account of these sites, many of which were not mentioned, or elaborated upon, in publications of the time, such as the Gazetteer of the Peshawar District , the voluminous Tarikh-i-Peshawar , and Annual Reports of the Archeological Survey of India . Book 2 is a collection of five different articles of historical and archaeological interest. The articles describe important royal documents of the Mughal period, and give a brief history of Peshawar.
650 0 _aAntiquities
650 0 _aPakistan--Peshawar
830 0 _aOxford in asia historical reprints) (bk. 1.
856 4 0 _3Amazon.com
_uhttp://www.amazon.com/exec/obidos/ASIN/0195475046/chopaconline-20
942 _2ddc
_cBK
999 _c16205
_d16205